Gower handbook of supply chain management /

Bibliographic Details
Other Authors: Gattorna, John, (Editor), Ogulin, Robert, (Editor), Reynolds, Mark W., (Editor)
Format: eBook
Language:English
Published: London, [England] ; New York, [New York] : Routledge, 2016.
Edition:Fifth edition.
Subjects:
Online Access:Click to View
LEADER 01870nam a2200445 i 4500
001 EBC4817035
003 MiAaPQ
005 20200520144314.0
006 m o d |
007 cr cnu||||||||
008 170316t20162003enka ob 001 0 eng d
020 |z 9780566085116 
020 |a 9781351932295  |q (electronic bk.) 
035 |a (MiAaPQ)EBC4817035 
035 |a (Au-PeEL)EBL4817035 
035 |a (CaPaEBR)ebr11356210 
035 |a (CaONFJC)MIL996721 
035 |a (OCoLC)975224236 
040 |a MiAaPQ  |b eng  |e rda  |e pn  |c MiAaPQ  |d MiAaPQ 
050 4 |a HF5415.7  |b .G694 2016 
082 0 |a 658.7/88  |2 21 
245 0 0 |a Gower handbook of supply chain management /  |c editor, John Gattorna ; assistant editors, Robert Ogulin, Mark W. Reynolds. 
250 |a Fifth edition. 
264 1 |a London, [England] ;  |a New York, [New York] :  |b Routledge,  |c 2016. 
264 4 |c 2003 
300 |a 1 online resource (711 pages) :  |b illustrations 
336 |a text  |2 rdacontent 
337 |a computer  |2 rdamedia 
338 |a online resource  |2 rdacarrier 
504 |a Includes bibliographical references and index. 
588 |a Description based on print version record. 
590 |a Electronic reproduction. Ann Arbor, MI : ProQuest, 2016. Available via World Wide Web. Access may be limited to ProQuest affiliated libraries. 
650 0 |a Physical distribution of goods  |x Management. 
655 4 |a Electronic books. 
700 1 |a Gattorna, John,  |e editor. 
700 1 |a Ogulin, Robert,  |e editor. 
700 1 |a Reynolds, Mark W.,  |e editor. 
776 0 8 |i Print version:  |t Gower handbook of supply chain management.  |b Fifth edition.  |d London, [England] ; New York, [New York] : Routledge, 2016, c2003   |h xviii, 692 pages   |z 9780566085116   |w 2002029488 
797 2 |a ProQuest (Firm) 
856 4 0 |u https://ebookcentral.proquest.com/lib/matrademy/detail.action?docID=4817035  |z Click to View